<?xml version="1.0" encoding="UTF-8"?>
<marc:record xmlns:marc="http://www.loc.gov/MARC21/slim">
   <marc:leader>00000nam a2200000 a 4500</marc:leader>
   <marc:datafield ind1="1" ind2=" " tag="100">
      <marc:subfield code="a">Riordan, Rick</marc:subfield>
      <marc:subfield code="4">aut</marc:subfield>
      <marc:subfield code="e">Verfasser/-in</marc:subfield>
   </marc:datafield>
   <marc:datafield ind1=" " ind2=" " tag="653">
      <marc:subfield code="a">Jugendbücher ab 12 Jahre</marc:subfield>
   </marc:datafield>
   <marc:datafield ind1=" " ind2=" " tag="653">
      <marc:subfield code="a">Fantasy / Jugendroman</marc:subfield>
   </marc:datafield>
   <marc:datafield ind1="0" ind2="0" tag="245">
      <marc:subfield code="a">Percy Jackson : Der Kelch der Götter</marc:subfield>
   </marc:datafield>
   <marc:datafield ind1="0" ind2="0" tag="245">
      <marc:subfield code="c">Riordan, Rick</marc:subfield>
   </marc:datafield>
   <marc:datafield ind1=" " ind2="1" tag="264">
      <marc:subfield code="a">Hamburg</marc:subfield>
      <marc:subfield code="b">Carlsen</marc:subfield>
      <marc:subfield code="c">2024</marc:subfield>
   </marc:datafield>
   <marc:datafield ind1="1" ind2=" " tag="490">
      <marc:subfield code="a">Percy Jackson</marc:subfield>
      <marc:subfield code="v">Bd. 06</marc:subfield>
   </marc:datafield>
   <marc:datafield ind1=" " ind2=" " tag="250">
      <marc:subfield code="a">2. Auflage</marc:subfield>
   </marc:datafield>
   <marc:datafield ind1="1" ind2=" " tag="520">
      <marc:subfield code="a">Action, Witz und verrückte Monster – neue Serie über Percy Jackson auf Disney+ im Stream!&#xD;
Percy Jackson musste schon mehrmals die Welt retten, nun hat er die Nase voll! Er hofft auf einen normalen Start am College zusammen mit seiner Freundin Annabeth. Doch leider sind die Götter noch nicht ganz fertig mit ihm. Angeblich braucht er für seine Zulassung drei Empfehlungsschreiben vom Olymp … Natürlich lassen sich die Götter da erst mal ordentlich bitten. Für sein erstes Schreiben muss er zusammen mit Annabeth und Grover in ein neues Abenteuer ziehen und den gestohlenen Kelch des Ganymed, des Mundschenks der Götter, wiederbeschaffen. Und die Aufgabe hat es in sich!&#xD;
Die Jugendbuch-Bestsellerserie mit nachtragenden Ungeheuern und schrulligen Göttern   &#xD;
Als Percy Jackson erfährt, dass er ein Halbgott ist und es die Kreaturen aus der griechischen Mythologie wirklich gibt, verändert das alles. Von nun an stehen ihm und seinen Freunden allerlei Monster, göttliche Streitigkeiten und epische Quests bevor.   &#xD;
Gespickt mit Heldentum, Chaos und Freundschaft ist die sechsteilige Fantasy-Reihe rund um den Halbgott Percy Jackson inzwischen millionenfach verkauft. Der Mix aus Spannung, Witz und Mythologie begeistert Jung und Alt aus mehr als 40 Ländern und ist die bekannteste Serie von Rick Riordan.   &#xD;
   &#xD;
***Griechische Götter in der Gegenwart: chaotisch-wilde Fantasy für junge Leser*innen ab 12 Jahren und für alle Fans der griechischen Mythologie*** </marc:subfield>
   </marc:datafield>
   <marc:datafield ind1=" " ind2=" " tag="020">
      <marc:subfield code="a">9783551558466</marc:subfield>
      <marc:subfield code="9">9783551558466</marc:subfield>
   </marc:datafield>
   <marc:datafield ind1=" " ind2=" " tag="020">
      <marc:subfield code="a">3551558469</marc:subfield>
      <marc:subfield code="9">3551558469</marc:subfield>
   </marc:datafield>
   <marc:datafield ind1=" " ind2=" " tag="041">
      <marc:subfield code="a">ger</marc:subfield>
   </marc:datafield>
   <marc:datafield ind1="0" ind2=" " tag="490">
      <marc:subfield code="v">Bd. 06</marc:subfield>
   </marc:datafield>
   <marc:datafield ind1=" " ind2=" " tag="338">
      <marc:subfield code="a">Band</marc:subfield>
   </marc:datafield>
   <marc:datafield ind1=" " ind2=" " tag="300">
      <marc:subfield code="a">320 Seiten</marc:subfield>
   </marc:datafield>
</marc:record>
